|
|
|
|
| LEADER |
00000nab a2200000 a 4500 |
| 001 |
vtls010094231 |
| 003 |
SK-MaSNL |
| 005 |
20260303081132.0 |
| 008 |
100512c1973 xo m p 0 slo |
| 015 |
|
|
|a SNBRB1974
|2 snkbucl
|
| 040 |
|
|
|a SNKBUCL
|b slo
|c SNKBUCL
|e AACR2
|
| 041 |
0 |
|
|a slo
|
| 044 |
|
|
|a xo
|c SK
|
| 080 |
|
|
|a 002.6
|2 1997
|
| 080 |
|
|
|a 005.57
|2 1997
|
| 100 |
1 |
|
|a Gábor, František,
|d 1926-1985
|4 aut
|9 171876
|
| 245 |
1 |
0 |
|a Komunikácie informácií vo vede a technike
|c František Gábor
|
| 504 |
|
|
|a Bibliogr. odkazy
|
| 650 |
0 |
7 |
|a vedecké informácie
|2 snkbucl
|9 1284
|
| 650 |
0 |
7 |
|a komunikácia
|2 snkbucl
|9 1362
|
| 773 |
0 |
|
|t Technická knihovna
|g Roč. 17, č. 9 (1973), s. 237-242
|
| 850 |
|
|
|a Slovenská národná knižnica v Martine
|a MTA001
|
| 852 |
|
|
|a SNK
|b KIS3GCP
|
| 958 |
|
|
|a KL
|
| 958 |
|
|
|a NB
|
| 999 |
|
|
|c 1783339
|d 1785269
|